• 首页
  • 本馆介绍
  • 公告通知
  • 最新文献
  • 馆藏检索
  • 电子资源
  • 读者导购
  • 参考咨询
  • 我的图书馆
  • 登录
  • 详细信息显示
  • 放入我的书架
  • 预约/预借图书
  • 作者相关作品
  • 分类相关作品
  • 丛书相关作品
  • 出版社相关作品

书目信息

  • 表格格式
  • 工作单格式
  • 卡片格式
题名:
宏观经济学
    
 
作者: 曼昆 著 ;梁小民 译
分册:  
出版信息: 北京   中国人民大学出版社  2000
页数: 514页
开本: 26cm
丛书名: 经济科学译丛
单 册:
中图分类: F015
科图分类:
主题词: 宏观经济学
电子资源:
ISBN: 7-300-03584-1
000 00784nam0 2200265 45
001 0198010133
005 20031219104101.3
010    @a7-300-03584-1@dCNY59.00
100    @a19980213d2000 kemy0chiy0121 ea
101 1  @achi@ceng
102    @aCN@b110000
105    @ay igz 001yy
106    @ar
200 10 @a宏观经济学@Ahong guan jing ji xue@f(美)N.格里高利·曼昆(Mankiw,N.G.)著@F(Mei)N.Ge Li Gao Li·Man Kun(Mankiw,N.G.)Zhu@g梁小民译
205    @a4版
210    @a北京@c中国人民大学出版社@d2000
215    @a514页@d26cm
225 2  @a经济科学译丛
410  0 @120010@a经济科学译丛
606    @a宏观经济学
690    @aF015@v4
701  0 @a曼昆@bMankiw,N.G.@4著
702  0 @a梁小民@ALiang Xiao Min@4译
801    @aCN@bTSTC@c20021202
905    @b318458-462@dF015@e162=4@f5
    
    宏观经济学/(美)N.格里高利·曼昆(Mankiw,N.G.)著/梁小民译.-4版.-北京:中国人民大学出版社,2000
    514页;26cm.-(经济科学译丛)
    
    
    ISBN 7-300-03584-1:CNY59.00
    
●
相关链接 在E读中查询图书 在五车中查询图书 在当当中查询图书 在豆瓣中查询图书


正题名:宏观经济学     索取号:F015/162=4         预约/预借

序号 登录号 条形码 馆藏地/架位号 状态 备注
1 0318458   203184589   第一借阅区/ [索取号:F015/162=4] 在馆    
2 0318459   203184598   第一借阅区/ [索取号:F015/162=4] 在馆    
3 0318460   203184605   第一借阅区/ [索取号:F015/162=4] 在馆    
4 0318461   203184614   第一借阅区/ [索取号:F015/162=4] 在馆    
5 0318462   203184623   第一样本阅览室/ [索取号:F015/162=4] 在馆    
唐山师范学院图书馆 欢迎您!
大连网信软件有限公司© 版权所有